000
00200nam a2200085Ia 4500
008
170617s9999 xx 000 0 und d
100
_a
Tiwari - Urwashi K
245
0
_a
Hospital and clinical
260
_b
P.V books
260
_c
2014
999
_c
15591
_d
15591